000 00725nam a2200253 a 4500
005 20210219153236.0
008 991125n 000 0 u
035 _aUPN01000085335
100 _aGoodman, Joan F.
222 _aEARLY EDUCATION AND DEVELOPMENT
245 _aLearning language in early intervention programs
300 _a204-216
362 _a4, No. 3, 1993
505 _aNoviembre 1993
653 0 _aADQUISICION DEL LENGUAJE
653 0 _aEDUCACION PREESCOLAR
653 0 _aINTERVENCION TEMPRANA
653 0 _aOBJETIVOS COGNITIVOS
653 0 _aPROGRAMAS EDUCATIVOS INDIVIDUALIZADOS
700 _aJill, Greenberg
700 _aPollak, Elizabeth
904 _aAC
_b023146
905 _aArticulo
999 _c71837
_d71837